Pokalbiai lietuvių pasaulio pakraštyje

Titel: Pokalbiai lietuvių pasaulio pakraštyje : Brazilija / sudarytojai Egidijus Aleksandravičius ...
Beteiligt:
Veröffentlicht: Vilnius : Versus Aureus, 2013
Umfang: 290 S. : Ill.
Format: Buch
Sprache: Litauisch
Schlagworte:
ISBN: 9789955343424
Buchumschlag
X
Lokale Klassifikation: 45 3 D ; 57 Brasilien
alg: 32193291
001A    $03004:28-05-13 
001B    $01999:09-06-23 $t20:47:26.000 
001C    $03004:12-09-13 $t09:51:05.000 
001D    $03004:12-09-13 
001U    $0utf8 
001X    $00 
002@    $0Aau 
003@    $0321932919 
004A    $A978-9955-34-342-4 
007A    $0321932919 $aHEB 
007G    $0DE0200CB8F2D29B7FA7A9C1257BEF003EB557 
009P    $qapplication/pdf $A2 $3Inhaltsverzeichnis $uhttp://scans.hebis.de/HEBCGI/show.pl?32193291_toc.pdf $mV:DE-603;B:DE-Mb50 
010@    $alit 
011@    $a2013 
021A    $aPokalbiai lietuvių pasaulio pakraštyje $dBrazilija $hsudarytojai Egidijus Aleksandravičius ... 
028C    $BBearb. $7 $8Aleksandravičius, Egidijus [Tnx] $9163067007 
033A    $pVilnius $nVersus Aureus 
034D    $a290 S. 
034M    $aIll. 
044K    $RVereinigtes Königreich von Portugal, Brasilien und den Algarven $#Brasil $#Brazil $#Imperio do Brazil $#République Fédérative du Brésil $#Federative Republic of Brazil $#República dos Estados Unidos do Brasil $#Estados Unidos do Brasil $#República Federal do Brasil $#Föderative Republik Brasilien $#República Federativa do Brasil $#Brésil $#Imperio do Brasil $#République des Etats-Unis du Brésil $#Brazilia $#Vereinigtes Königreich von Portugal, Brasilien und den Algarven $74008003-1 $8Brasilien [Tgz] $9085013560 
044K    $RLitauerin $#Lithuanians $#Lituaniens $#Litauer $#Litauer $74035937-2 $8Litauer [Ts1] $9085097071 
045F    $a305.80094793 $eDDC23BSB 
045F/01 $a305.8009 
045F/03 $g4793 

lok: 32193291 24
101B    $012-09-13 $t09:51:05.000 
101C    $012-09-13 
101U    $0utf8 
145Z/01 $a45 3 D 
145Z/02 $a57 Brasilien 

exp: 32193291 24 1 #EPN
201B/01 $012-09-13 $t09:53:38.000 
201C/01 $028-05-13 
201U/01 $0utf8 
203@/01 $0676391591 
208@/01 $a12-09-13 $bz 
209A/01 $a13.06098 $du $f050 $h13 06098 $x00 
209C/01 $a13.06098 K $h13 06098 K 
209G/01 $a73367042 $x00 
220C/01 $amar 
247C/01 $8358050-7 Marburg, Bibliothek des Herder-Instituts Marburg $9102600961 

lok: 32193291 78

exp: 32193291 78 1 #EPN
201B/01 $012-05-21 $t08:40:16.000 
201C/01 $012-05-21 
201U/01 $0utf8 
203@/01 $01153332655 
208@/01 $a12-05-21 $be 
209A/01 $a/ $f000 $x00 
209A/01 $ab*p $x01 
220C/01 $apgar 
244Z/01 $#Litauen $#Litauen $#Lithuania $#Lietuvos Respublika $#République Lithuanienne $#Lithuanie $#Litva 1918 - 1940, 1991, 9 - $#Litovskaja Respublika $#Lithuania 1918 - 1940, 1991, 9 - $#Republik Litauen $#Republic of Lithuania $#Lithuanian Republic $#Litauische Republik $#Lietuva $74074266-0 $8--Tg1--Litauen $x01 $9085209074 
247C/01 $82080>Marburg/Lahn, Herder-Institut, Forschungsbibliothek, Bibliographieportal $9336309341
LEADER 00000cam a2200000 c 4500
001 321932919
003 DE-603
005 20230609204726.0
007 tu
008 130528s2013 xx |||| | u00||u|lit c
020 |a 9789955343424 
035 |a (DE-599)HEB321932919 
040 |a DE-603  |b ger  |c DE-603  |d DE-603 
041 |a lit 
082 0 4 |8 1\u  |a 305.80094793  |q DE-101  |2 23/BSB 
085 |8 1\u  |b 305.8009 
085 |8 1\u  |z 2  |s 4793 
245 0 0 |a Pokalbiai lietuvių pasaulio pakraštyje  |b Brazilija  |c sudarytojai Egidijus Aleksandravičius ... 
264 1 |a Vilnius  |b Versus Aureus  |c 2013 
300 |a 290 S.  |b Ill. 
650 7 |a Litauer  |0 (DE-588)4035937-2  |0 (DE-603)085097071  |2 gnd 
651 7 |a Brasilien  |0 (DE-588)4008003-1  |0 (DE-603)085013560  |2 gnd 
700 1 |a Aleksandravičius, Egidijus  |e Bearb.  |4 edt  |0 (DE-603)163067007 
856 4 2 |m V:DE-603;B:DE-Mb50  |q application/pdf  |u http://scans.hebis.de/HEBCGI/show.pl?32193291_toc.pdf  |3 Inhaltsverzeichnis 
924 0 |9 Mb 50  |a (DE-603)676391591  |b DE-Mb50  |c HES  |d c  |g 13.06098 
924 0 |9 2080  |a (DE-603)1153332655  |b DE-2080  |c HES  |d d  |g /